Normal view
MARC view
- Taxation.
Entry Topical Term
001 - CONTROL NUMBER
- control field: 45453
003 - CONTROL NUMBER IDENTIFIER
- control field: OSt
005 - DATE AND TIME OF LATEST TRANSACTION
- control field: 20220606170114.0
008 - FIXED-LENGTH DATA ELEMENTS
- fixed length control field: 220606|| aca||aabn | a|a d
040 ## - CATALOGING SOURCE
- Original cataloging agency: OSt
- Transcribing agency: OSt
150 ## - HEADING--TOPICAL TERM
- Topical term or geographic name entry element: Taxation.
670 ## - SOURCE DATA FOUND
- Source citation: Work cat.: (OSt): Oswald, R. Scott. 45452, Rewarding whistleblowers for disclosing tax violations to the IRS/, ©2012.
